000
00282nam a22001217a 4500
008
171123b xxu||||| |||| 00| 0 eng d
041
_a
eng
080
_2
3RD
_a
62
100
_a
26
101
_a
IM
245
_a
ELECTRICITY IN THE HOME AND ON THE FARM
_c
WRIGHT,F.B
942
_2
udc
_c
BK
999
_c
38393
_d
38393